[Event "2BLO 2324 SK Göggingen - SC Bavaria Reg"]
[Site "?"]
[Date "2024.02.25"]
[Round "8.5"]
[White "Goldbeck, Lars"]
[Black "Rozentalis, Eduardas"]
[Result "1/2-1/2"]
[WhiteElo "2301"]
[BlackElo "2453"]
[PlyCount "89"]
[EventDate "2024.??.??"]

1. c4 e6 2. Nf3 Nf6 3. g3 d5 4. Bg2 Be7 5. O-O O-O 6. d3 b6 7. b3 Bb7 8. Bb2 Nbd7 9. Nbd2 c5 10. e4 d4 11. e5 Ng4 12. Re1 Nh6 13. Ne4 Ng4 14. Ned2 Nh6 15. Bc1 Qc7 16. Ne4 Ng4 17. Bf4 Ngxe5 18. Nxe5 Nxe5 19. Qh5 f6 20. Bh3 Kh8 21. Bxe6 g6 22. Bxe5 fxe5 23. Qg4 Rae8 24. Qe2 Bf6 25. Bh3 Bg7 26. Bg2 Bc8 27. h4 Bf5 28. Qd2 Qd7 29. a3 Re7 30. b4 Bxe4 31. Bxe4 Ref7 32. Re2 Qg4 33. Ra2 Bf6 34. Bd5 Re7 35. Re4 Qf5 36. Rb2 Rg7 37. Qe2 Re7 38. Kg2 Bg7 39. Rb1 Rd7 40. Rh1 Rd6 41. Rb1 Rdf6 42. Rb2 Qf3+ 43. Kg1 h5 44. Rxe5 Qxf2+ 45. Qxf2 1/2-1/2

[Event "2BLO 2324 SK Göggingen - SC Bavaria Reg"]
[Site "?"]
[Date "2024.02.25"]
[Round "8.6"]
[White "Nestorovic, Nikola"]
[Black "Kleibel, Uwe"]
[Result "1-0"]
[WhiteElo "2465"]
[BlackElo "2302"]
[PlyCount "77"]
[EventDate "2024.??.??"]

1. e4 e5 2. Nf3 Nf6 3. d4 Nxe4 4. Bd3 d5 5. Nxe5 Nd7 6. Nc3 Nxe5 7. dxe5 Nxc3 8. bxc3 Bc5 9. O-O c6 10. Rb1 Qh4 11. Qe1 O-O 12. Be3 Bxe3 13. Qxe3 Qe7 14. f4 f6 15. c4 fxe5 16. cxd5 cxd5 17. Rb5 Bf5 18. Qxe5 Qxe5 19. fxe5 Bxd3 20. cxd3 b6 21. Rxf8+ Kxf8 22. Rxd5 Ke7 23. d4 Rc8 24. Kf2 Rc2+ 25. Kf3 Rxa2 26. Rd6 Rc2 27. h4 b5 28. Ra6 Rc7 29. d5 Rb7 30. Ke3 b4 31. Kd2 b3 32. Kc1 b2+ 33. Kb1 h5 34. Ra3 Rd7 35. Rd3 Rb7 36. Rd2 Rb5 37. d6+ Kd7 38. Re2 Rb8 39. Rxb2 1-0

[Event "2BLO 2324 SK Göggingen - SC Bavaria Reg"]
[Site "?"]
[Date "2024.02.25"]
[Round "8.7"]
[White "Lerch, Johannes"]
[Black "Stankovic, Milos"]
[Result "1/2-1/2"]
[WhiteElo "2264"]
[BlackElo "2464"]
[PlyCount "62"]
[EventDate "2024.??.??"]

1. Nf3 e6 2. c4 d5 3. e3 Nf6 4. Nc3 c5 5. cxd5 exd5 6. d4 a6 7. Be2 Nc6 8. O-O Bd6 9. dxc5 Bxc5 10. b3 O-O 11. Bb2 Ba7 12. Rc1 Qd6 13. Qd2 Bg4 14. Rfd1 Rad8 15. Na4 Ne4 16. Qe1 Rfe8 17. Nd4 Bd7 18. Nc2 Bb8 19. g3 Ne5 20. Bxe5 Qxe5 21. Nd4 Ba7 22. Nc3 Nf6 23. Bf3 h5 24. h4 Bg4 25. Qe2 Rc8 26. Bxg4 hxg4 27. Qd3 g6 28. Kg2 Red8 29. Nce2 Qe4+ 30. Kg1 Qxd3 31. Rxd3 Rxc1+ 1/2-1/2

[Event "2BLO 2324 SK Göggingen - SC Bavaria Reg"]
[Site "?"]
[Date "2024.02.25"]
[Round "8.8"]
[White "Pitl, Gregory"]
[Black "Oberhofer, Cedric"]
[Result "1-0"]
[WhiteElo "2369"]
[BlackElo "2282"]
[PlyCount "93"]
[EventDate "2024.??.??"]

1. d4 Nf6 2. Nf3 g6 3. c4 Bg7 4. Nc3 d5 5. h4 dxc4 6. e4 c5 7. d5 b5 8. h5 Nxh5 9. Nxb5 Qa5+ 10. Nc3 Nd7 11. Qc2 Qa6 12. Nd1 Nb6 13. a4 Bg4 14. a5 Bxf3 15. gxf3 Nd7 16. Bxc4 Qd6 17. Ra3 Nf4 18. Bb5 Rc8 19. Qa4 Rd8 20. Ne3 e5 21. Nc4 Qe7 22. Be3 O-O 23. Rc3 Ng2+ 24. Ke2 Nf6 25. d6 Qe6 26. Bxc5 Nf4+ 27. Kf1 Rc8 28. Bxa7 Rfd8 29. Be3 Nxe4 30. fxe4 Qg4 31. Bxf4 exf4 32. Rg1 Qh5 33. Rd3 Rc5 34. Bc6 f3 35. e5 Qh3+ 36. Ke1 Qh2 37. Rf1 Qf4 38. Rxf3 Qd4 39. Rc3 Bxe5 40. d7 Qf4 41. Nxe5 Rxe5+ 42. Kd1 Qf5 43. Qc2 Qh5+ 44. Kc1 Re2 45. Qd3 Qe5 46. f4 Re1+ 47. Kd2 1-0

[Event "2BLO 2324 SC Garching - SV Deggendorf"]
[Site "?"]
[Date "2024.02.25"]
[Round "8.1"]
[White "Narayanan S L"]
[Black "Vykouk, Jan"]
[Result "1-0"]
[WhiteElo "2694"]
[BlackElo "2497"]
[PlyCount "113"]
[EventDate "2024.??.??"]

1. d4 Nf6 2. c4 e6 3. Nf3 d5 4. Nc3 Bb4 5. cxd5 exd5 6. Bg5 h6 7. Bh4 O-O 8. e3 Bf5 9. Be2 Nbd7 10. Qb3 Bxc3+ 11. Qxc3 c6 12. Nd2 Re8 13. O-O Qb6 14. Rfc1 a5 15. a3 a4 16. Qb4 Ne4 17. Nxe4 dxe4 18. Bd1 Ra6 19. h3 Be6 20. Bg3 Qxb4 21. axb4 Rea8 22. b5 cxb5 23. Be2 Nf6 24. Rc5 Bc4 25. Bxc4 bxc4 26. Rxc4 b5 27. Rc5 Rb6 28. d5 Rb7 29. d6 Nd7 30. Rc7 Raa7 31. b3 axb3 32. Rb1 f5 33. Rxb3 Kf7 34. Be5 Ke6 35. Bxg7 Kxd6 36. Rc1 h5 37. Rcb1 Kc6 38. Rc1+ Kd5 39. Rd1+ Kc4 40. Rc3+ Kb4 41. Rb1+ Ka4 42. Rc2 b4 43. Bd4 Kb5 44. Bc3 b3 45. Rxb3+ Kc4 46. Rxb7 Rxb7 47. Bd4+ Kd3 48. Ra2 Rb5 49. Kh2 Nf8 50. Ra6 Ke2 51. Kg3 h4+ 52. Kxh4 Kxf2 53. g4 fxg4 54. Kxg4 Nd7 55. Ra2+ Kf1 56. h4 Rd5 57. h5 1-0

[Event "2BLO 2324 SC Garching - SV Deggendorf"]
[Site "?"]
[Date "2024.02.25"]
[Round "8.2"]
[White "Haba, Petr"]
[Black "Delchev, Aleksander"]
[Result "1/2-1/2"]
[WhiteElo "2436"]
[BlackElo "2492"]
[PlyCount "36"]
[EventDate "2024.??.??"]

1. d4 Nf6 2. Bf4 g6 3. e3 Bg7 4. h3 O-O 5. Nf3 c5 6. c3 Qb6 7. Qb3 d6 8. Nbd2 Be6 9. Bc4 Bxc4 10. Nxc4 Qc6 11. O-O b5 12. Ncd2 Nbd7 13. Rfe1 Rab8 14. e4 e5 15. dxe5 Nh5 16. Bh2 dxe5 17. a4 a6 18. axb5 c4 1/2-1/2

[Event "2BLO 2324 SC Garching - SV Deggendorf"]
[Site "?"]
[Date "2024.02.25"]
[Round "8.3"]
[White "Bogosavljevic, Boban"]
[Black "Hess, Max"]
[Result "1-0"]
[WhiteElo "2464"]
[BlackElo "2390"]
[PlyCount "81"]
[EventDate "2024.??.??"]

1. Nf3 d5 2. g3 Nf6 3. Bg2 e6 4. d4 b5 5. O-O Be7 6. a3 Nbd7 7. Nc3 Rb8 8. Bf4 O-O 9. Nd2 Nh5 10. Be3 c5 11. dxc5 Bxc5 12. Bxc5 Nxc5 13. b4 d4 14. bxc5 dxc3 15. Ne4 Bb7 16. Qxd8 Rfxd8 17. Nd6 Bxg2 18. Kxg2 Rd7 19. Rfb1 a6 20. a4 b4 21. a5 Rc7 22. Ra4 Rxc5 23. Rbxb4 Rxb4 24. Rxb4 h6 25. Rb8+ Kh7 26. Nxf7 Rxa5 27. Rc8 Rd5 28. Rxc3 Kg8 29. Rc7 Nf6 30. c4 Rd2 31. c5 Rxe2 32. c6 Rc2 33. Nd8 e5 34. Ne6 e4 35. Rxg7+ Kh8 36. Rf7 e3 37. Rxf6 e2 38. Rf8+ Kh7 39. Re8 e1=N+ 40. Kf1 Nd3 41. c7 1-0

[Event "2BLO 2324 SC Garching - SV Deggendorf"]
[Site "?"]
[Date "2024.02.25"]
[Round "8.4"]
[White "Koepke, Christian"]
[Black "Sedlak, Nikola"]
[Result "0-1"]
[WhiteElo "2303"]
[BlackElo "2461"]
[PlyCount "70"]
[EventDate "2024.??.??"]

1. d4 Nf6 2. Nc3 d5 3. Bf4 g6 4. e3 Bg7 5. h4 h5 6. Nf3 O-O 7. Ne5 c5 8. Qd2 Nc6 9. f3 Nd7 10. Nxd7 Bxd7 11. dxc5 Qa5 12. Rd1 d4 13. exd4 Nxd4 14. Bd3 Qxc5 15. Ne4 Qb6 16. c3 Nc6 17. Qf2 Ne5 18. Be2 Bc6 19. Qxb6 axb6 20. a3 Ra4 21. Be3 Bxe4 22. fxe4 Rxe4 23. Kf2 b5 24. Bf3 Ng4+ 25. Bxg4 hxg4 26. h5 gxh5 27. Rxh5 f5 28. Rd5 Re5 29. Rxe5 Bxe5 30. g3 e6 31. Rh6 Re8 32. Rh1 Rd8 33. Rh6 Rd6 34. Bg5 Kg7 35. Rh1 Rd3 0-1

[Event "2BLO 2324 SC Garching - SV Deggendorf"]
[Site "?"]
[Date "2024.02.25"]
[Round "8.5"]
[White "Stojanovic, Dalibor"]
[Black "Renner, Christoph"]
[Result "1-0"]
[WhiteElo "2457"]
[BlackElo "2294"]
[PlyCount "111"]
[EventDate "2024.??.??"]

1. e4 e6 2. d4 d5 3. Nc3 Nc6 4. Nf3 Nf6 5. Bg5 Be7 6. Bxf6 Bxf6 7. Bb5 O-O 8. Qd2 Qd7 9. O-O-O a6 10. Bxc6 Qxc6 11. Rhe1 b5 12. exd5 exd5 13. Ne5 Qd6 14. f4 Bd7 15. g4 b4 16. Ne2 a5 17. g5 Bxe5 18. dxe5 Qg6 19. Qxd5 Be6 20. Qd3 Bf5 21. Qd2 a4 22. Qxb4 a3 23. b3 Bxc2 24. Rd2 Bf5 25. Qc5 h6 26. h4 Bg4 27. Nd4 Rfd8 28. Nc6 Re8 29. Ne7+ Rxe7 30. Qxe7 Qc6+ 31. Rc2 Qf3 32. Qc5 Bf5 33. Qe3 Qh5 34. Qe2 Qxh4 35. Qf2 Qh5 36. Rc3 Rd8 37. gxh6 Qxh6 38. b4 Qa6 39. Rd1 Rb8 40. Qc5 Qe2 41. Rxa3 Qe4 42. Rb3 Rb6 43. b5 Rh6 44. Qf2 Rg6 45. Rd2 Rh6 46. Qd4 Rh1+ 47. Kb2 Qb1+ 48. Ka3 Qc1+ 49. Rdb2 Be6 50. Rc3 Qe1 51. Qd2 Qh4 52. Rxc7 Rh3+ 53. Rb3 Bxb3 54. axb3 Qg3 55. Qc2 g6 56. Qc4 1-0

[Event "2BLO 2324 SC Garching - SV Deggendorf"]
[Site "?"]
[Date "2024.02.25"]
[Round "8.6"]
[White "Bredl, Harald"]
[Black "Popovic, Dusan"]
[Result "1-0"]
[WhiteElo "2289"]
[BlackElo "2504"]
[PlyCount "141"]
[EventDate "2024.??.??"]

1. d4 Nf6 2. Nc3 d5 3. Bf4 g6 4. e3 Bg7 5. h4 h5 6. Nf3 O-O 7. Be2 c5 8. dxc5 Qa5 9. O-O Qxc5 10. Nb5 Ng4 11. b4 Qxb4 12. Nc7 e5 13. Bg3 Qc5 14. Nxa8 b6 15. Rc1 Bb7 16. c4 Bxa8 17. cxd5 Qd6 18. Ng5 Nd7 19. e4 Nc5 20. Bxg4 hxg4 21. Qxg4 Bb7 22. Rfd1 Bh6 23. Rc2 Bc8 24. Qf3 Bd7 25. Re1 Qe7 26. Qa3 Ra8 27. Nf3 f6 28. Nd2 Qd8 29. Nc4 Ba4 30. Rb2 Rc8 31. Qf3 Be8 32. Na3 Kg7 33. Qe2 Qd7 34. f3 Qa4 35. Nb5 Nb7 36. Bf2 Bd7 37. g3 Kh7 38. Reb1 Bf8 39. Kg2 Bh6 40. Qd3 Nc5 41. Qe2 Nb7 42. Rb4 Qa6 43. g4 Bf8 44. R4b2 Na5 45. a4 Nb7 46. Ra2 Be7 47. Be1 Nc5 48. Qd1 Qb7 49. Bf2 Bf8 50. Be3 Be8 51. Bf2 Qf7 52. Nc3 Nb7 53. Rc1 Nd6 54. Nb5 Rxc1 55. Qxc1 f5 56. Nxd6 Bxd6 57. exf5 gxf5 58. gxf5 Bd7 59. f6 Qxf6 60. Qg5 Qf7 61. Be3 Bh3+ 62. Kf2 e4 63. f4 Bf5 64. Bd4 Be7 65. Qg3 Kh6 66. Rd2 Kh5 67. Kg1 Qxd5 68. Qg7 e3 69. Rg2 Qd8 70. Qf7+ Kxh4 71. Qxf5 1-0

[Event "2BLO 2324 SC Garching - SV Deggendorf"]
[Site "?"]
[Date "2024.02.25"]
[Round "8.7"]
[White "Petrov, Martin"]
[Black "Rusche, Johannes"]
[Result "1/2-1/2"]
[WhiteElo "2514"]
[BlackElo "2302"]
[PlyCount "154"]
[EventDate "2024.??.??"]

1. e4 e5 2. Nf3 Nc6 3. Bc4 Nf6 4. d3 Be7 5. a4 O-O 6. O-O d6 7. a5 Bg4 8. h3 Bxf3 9. Qxf3 Nd4 10. Qd1 c6 11. c3 Ne6 12. Bxe6 fxe6 13. Be3 d5 14. Nd2 Bd6 15. Re1 Qc7 16. Nf1 Qf7 17. Ng3 Qg6 18. Qb3 Rf7 19. c4 d4 20. Bd2 c5 21. Qd1 Raf8 22. Rf1 h5 23. Ra3 h4 24. Nh1 Be7 25. Rb3 Bd8 26. Rb5 b6 27. axb6 axb6 28. b4 Nd7 29. Qg4 Qf6 30. f3 g5 31. Ra1 Qh6 32. Ra8 Rf4 33. Bxf4 exf4 34. bxc5 bxc5 35. Rbb8 Ne5 36. Rxd8 Rxd8 37. Rxd8+ Kf7 38. Nf2 Ke7 39. Rh8 Nxg4 40. Rxh6 Nxh6 41. e5 Nf7 42. Ne4 Nxe5 43. Nxc5 Kd6 44. Ne4+ Ke7 45. Nf2 Nd7 46. Kf1 Ne5 47. Ke2 Nf7 48. Ne4 Kd7 49. Nc5+ Kd6 50. Nb3 Ke5 51. Kf2 Nd8 52. Nc5 Nc6 53. Ke2 Ne7 54. Ne4 Kf5 55. Kd2 Nc6 56. Kd1 Nb4 57. Ke2 Nc6 58. Kd2 Nb4 59. Ke2 Nc6 60. Kd1 Nb4 61. Kd2 Nc6 62. Nf2 Nb4 63. Kc1 Na2+ 64. Kc2 Ke5 65. Ng4+ Kd6 66. Nf2 Ke5 67. Kb2 Nc3 68. Kb3 Kd6 69. Kc2 Ke5 70. Ng4+ Kd6 71. Nf6 Ke5 72. Nd7+ Kd6 73. Nf8 Ke5 74. Nd7+ Kd6 75. Nf6 Ke5 76. Ng4+ Kd6 77. Nf2 Ke5 1/2-1/2

[Event "2BLO 2324 SC Garching - SV Deggendorf"]
[Site "?"]
[Date "2024.02.25"]
[Round "8.8"]
[White "Werner, Denis"]
[Black "Schmidt, Peter"]
[Result "1-0"]
[WhiteElo "2241"]
[BlackElo "2395"]
[PlyCount "135"]
[EventDate "2024.??.??"]

1. e4 d6 2. d4 Nf6 3. Nc3 g6 4. f4 Bg7 5. Nf3 O-O 6. e5 dxe5 7. fxe5 Nd5 8. Bc4 Nxc3 9. bxc3 c5 10. O-O Nc6 11. Ng5 e6 12. Be3 Qa5 13. Ne4 cxd4 14. cxd4 Nxe5 15. dxe5 Qxe5 16. Qf3 Bd7 17. Rae1 Rac8 18. Bd3 f5 19. Nd2 Bc6 20. Qf2 Qc3 21. Nb3 e5 22. Bd2 Qb2 23. Bb4 e4 24. Bc4+ Kh8 25. Bxf8 Rxf8 26. Qd2 Qxa2 27. Na5 Qa4 28. Bb3 Qd4+ 29. Qxd4 Bxd4+ 30. Kh1 Bc3 31. Nxc6 Bxe1 32. Rxe1 bxc6 33. Kg1 Rd8 34. Kf2 Kg7 35. Ke2 Kf6 36. Ra1 f4 37. Rxa7 e3 38. Kf3 g5 39. g3 Re8 40. Bc4 g4+ 41. Kxf4 e2 42. Bxe2 Rxe2 43. Rxh7 Rxc2 44. Kxg4 c5 45. h4 Kg6 46. Rd7 Rc4+ 47. Kh3 Kh5 48. g4+ Kg6 49. Rd6+ Kf7 50. h5 Rc1 51. Kh4 c4 52. Kg5 c3 53. Rc6 c2 54. h6 Ra1 55. Rc7+ Kg8 56. Rxc2 Ra5+ 57. Kg6 Ra6+ 58. Kh5 Ra5+ 59. g5 Kh7 60. Rc7+ Kg8 61. Re7 Rb5 62. Kg6 Rb6+ 63. Kf5 Rb5+ 64. Kf6 Rb6+ 65. Re6 Rb8 66. g6 Ra8 67. Rd6 Rb8 68. Ke7 1-0

[Event "2BLO 2324 Nickelhütte Aue - SK Gögging"]
[Site "?"]
[Date "2024.03.16"]
[Round "9.1"]
[White "Postny, Evgeny"]
[Black "Antal, Gergely"]
[Result "1/2-1/2"]
[WhiteElo "2599"]
[BlackElo "2586"]
[PlyCount "87"]
[EventDate "2024.??.??"]

1. d4 d5 2. c4 e6 3. Nc3 h6 4. Bf4 Nf6 5. e3 Bd6 6. Bg3 O-O 7. Nf3 dxc4 8. Bxc4 Bxg3 9. hxg3 c5 10. dxc5 Qa5 11. Rc1 Qxc5 12. Bd3 Nc6 13. O-O Qh5 14. Nh2 Qxd1 15. Rfxd1 Bd7 16. Ne4 Nxe4 17. Bxe4 Rfd8 18. Nf3 Be8 19. Nd4 Nxd4 20. Rxd4 Rxd4 21. exd4 Bc6 22. Bxc6 Rc8 23. Kf1 bxc6 24. Ke2 Kf8 25. Rc5 Ke7 26. Ra5 Rc7 27. g4 Kd7 28. f4 Kc8 29. Ke3 Kb7 30. Ke4 Kb6 31. b4 Rd7 32. Rc5 Rd5 33. a4 Rd7 34. g5 hxg5 35. fxg5 f6 36. g4 Kb7 37. Rc1 Rd5 38. gxf6 gxf6 39. Rf1 Rg5 40. Rxf6 Rxg4+ 41. Ke5 a5 42. bxa5 Rg5+ 43. Kxe6 Rxa5 44. Rf5 1/2-1/2

[Event "2BLO 2324 Nickelhütte Aue - SK Gögging"]
[Site "?"]
[Date "2024.03.16"]
[Round "9.2"]
[White "Gonda, Laszlo"]
[Black "Prusikin, Michael"]
[Result "0-1"]
[WhiteElo "2485"]
[BlackElo "2508"]
[PlyCount "76"]
[EventDate "2024.??.??"]

1. Nf3 d5 2. d4 Nf6 3. Bf4 e6 4. e3 Bd6 5. Ne5 O-O 6. Nd2 c5 7. c3 Qc7 8. Bd3 Nfd7 9. O-O Bxe5 10. dxe5 Nc6 11. Qh5 g6 12. Qh4 Ncxe5 13. Qg3 f6 14. e4 Qb6 15. exd5 exd5 16. Bf5 Re8 17. Rab1 Nf8 18. Bc2 Bd7 19. Rfd1 Qe6 20. b4 cxb4 21. Rxb4 Bc6 22. h3 Qf7 23. Be3 b6 24. h4 Kh8 25. Bb3 Rad8 26. Bf4 Qg7 27. Re1 Ned7 28. Rxe8 Rxe8 29. Nf3 Ne6 30. Nd4 Nxf4 31. Qxf4 a5 32. Nxc6 axb4 33. cxb4 Qf7 34. Qd4 Qe6 35. Bxd5 Qd6 36. g3 Ne5 37. Qe4 Qd7 38. b5 Qh3 0-1

[Event "2BLO 2324 Nickelhütte Aue - SK Gögging"]
[Site "?"]
[Date "2024.03.16"]
[Round "9.3"]
[White "Nestorovic, Nikola"]
[Black "Slobodjan, Roman"]
[Result "1/2-1/2"]
[WhiteElo "2455"]
[BlackElo "2453"]
[PlyCount "43"]
[EventDate "2024.??.??"]

1. e4 e5 2. Nf3 Nc6 3. Nc3 Nf6 4. d4 Bb4 5. Nxe5 Qe7 6. Qd3 Nxe5 7. dxe5 Qxe5 8. Bd2 O-O 9. O-O-O Bxc3 10. Bxc3 Qf4+ 11. Rd2 d5 12. exd5 Re8 13. Be2 Ne4 14. Qd4 Qh6 15. Bb5 c6 16. dxc6 bxc6 17. Bd3 Nxd2 18. Bxd2 Qh5 19. Bc3 Qh6+ 20. Bd2 Qh5 21. Bc3 Qh6+ 22. Bd2 1/2-1/2

[Event "2BLO 2324 Nickelhütte Aue - SK Gögging"]
[Site "?"]
[Date "2024.03.16"]
[Round "9.4"]
[White "Pulpan, Jakub"]
[Black "Stankovic, Milos"]
[Result "1/2-1/2"]
[WhiteElo "2384"]
[BlackElo "2462"]
[PlyCount "33"]
[EventDate "2024.??.??"]

1. e4 c5 2. Nf3 d6 3. d4 cxd4 4. Nxd4 Nf6 5. Nc3 g6 6. Be3 Bg7 7. f3 O-O 8. Qd2 Nc6 9. Bc4 Nxd4 10. Bxd4 Be6 11. Bxe6 fxe6 12. O-O-O Qa5 13. Kb1 Rac8 14. Qe1 Nd7 15. Ne2 Qxe1 16. Rhxe1 Bxd4 17. Nxd4 1/2-1/2

[Event "2BLO 2324 Nickelhütte Aue - SK Gögging"]
[Site "?"]
[Date "2024.03.16"]
[Round "9.5"]
[White "Pitl, Gregory"]
[Black "Langrock, Hannes"]
[Result "1-0"]
[WhiteElo "2369"]
[BlackElo "2364"]
[PlyCount "58"]
[EventDate "2024.??.??"]

1. e4 c6 2. d4 d5 3. e5 Bf5 4. h4 h5 5. c4 e6 6. Nc3 dxc4 7. Bxc4 Nd7 8. Nge2 Ne7 9. Ng3 Bg6 10. Bg5 Qb6 11. O-O Nf5 12. Nxf5 Bxf5 13. Re1 Qxb2 14. Ne4 Bxe4 15. Rxe4 Nb6 16. Bb3 Be7 17. Bxe7 Kxe7 18. Re3 Rad8 19. Rd3 c5 20. Rb1 Qa3 21. Bxe6 Qa5 22. Bf5 cxd4 23. Qf3 Qd5 24. Qf4 Kf8 25. Rb4 Nc4 26. e6 b5 27. Qc7 fxe6 28. Bxe6 Qxe6 29. Qxd8+ Kf7 1-0

[Event "2BLO 2324 Nickelhütte Aue - SK Gögging"]
[Site "?"]
[Date "2024.03.16"]
[Round "9.7"]
[White "Schmittdiel, Eckhard"]
[Black "Wichmann, Cliff"]
[Result "1/2-1/2"]
[WhiteElo "2383"]
[BlackElo "2285"]
[PlyCount "40"]
[EventDate "2024.??.??"]

1. e4 e6 2. d4 d5 3. Nc3 Nf6 4. e5 Nfd7 5. Nce2 c5 6. c3 Nc6 7. Nf3 Qb6 8. g3 cxd4 9. cxd4 f6 10. exf6 Nxf6 11. Bg2 Bb4+ 12. Bd2 Ne4 13. Nc3 O-O 14. O-O Nxd2 15. Qxd2 Bd7 16. Rac1 Rf6 17. a3 Bd6 18. Na4 Qb3 19. Nc5 Bxc5 20. Rc3 Bb4 1/2-1/2

[Event "2BLO 2324 Nickelhütte Aue - SK Gögging"]
[Site "?"]
[Date "2024.03.16"]
[Round "9.8"]
[White "Eichner, Sebastian"]
[Black "Kukov, Velislav"]
[Result "1-0"]
[WhiteElo "2305"]
[BlackElo "2339"]
[PlyCount "43"]
[EventDate "2024.??.??"]

1. d4 d5 2. c4 c6 3. Nf3 Nf6 4. Nc3 dxc4 5. a4 Na6 6. e3 Bg4 7. Bxc4 e6 8. O-O Nb4 9. h3 Bh5 10. Qe2 Be7 11. g4 Bg6 12. e4 O-O 13. Bf4 c5 14. Rfd1 cxd4 15. Nxd4 Qb6 16. a5 Qc5 17. Na4 Qc8 18. Rac1 Nc6 19. Bb5 Nxe4 20. Nxc6 bxc6 21. Rxc6 Qb7 22. a6 1-0

[Event "2BLO 2324 Erfurter SK - SC Garching"]
[Site "?"]
[Date "2024.03.16"]
[Round "9.1"]
[White "Vykouk, Jan"]
[Black "Romanov, Evgeny"]
[Result "1-0"]
[WhiteElo "2509"]
[BlackElo "2596"]
[PlyCount "119"]
[EventDate "2024.??.??"]

1. e4 e5 2. Nf3 Nc6 3. Bc4 Nf6 4. d3 h6 5. c3 g5 6. O-O g4 7. Ne1 d5 8. exd5 Nxd5 9. f4 Nxf4 10. Bxf4 exf4 11. Rxf4 f5 12. d4 Bd7 13. Nd3 Qg5 14. Qe1+ Qe7 15. Nd2 O-O-O 16. b4 h5 17. Nb3 Bh6 18. Rf1 Be3+ 19. Kh1 h4 20. Ne5 f4 21. Ng6 Qg5 22. Nxh8 Rxh8 23. Nc5 Ne7 24. Be6 Bxe6 25. Nxe6 Qh6 26. Nxf4 Nf5 27. Qb1 Ng3+ 28. hxg3 hxg3+ 29. Nh3 gxh3 30. Qf5+ Kb8 31. gxh3 Bf2 32. Kg2 a6 33. Rad1 Rf8 34. Qe4 Rf4 35. Qe8+ Ka7 36. Rd3 Qh7 37. Qe2 Re4 38. Qf3 Re7 39. d5 Rf7 40. Qe2 Re7 41. Qd1 Qh4 42. a4 Qc4 43. a5 Rg7 44. Qd2 Rg6 45. Rd1 Rf6 46. Rd4 Qb3 47. Rf1 Ka8 48. Re4 Ka7 49. h4 Rf5 50. Rd4 Ka8 51. Qd3 Re5 52. d6 Qa2 53. Qd2 Qe6 54. dxc7 Qc6+ 55. Rd5 Rxd5 56. c8=Q+ Qxc8 57. Qxd5 Qxc3 58. Qd6 Qc2 59. Qf8+ Ka7 60. Rxf2 1-0

[Event "2BLO 2324 Erfurter SK - SC Garching"]
[Site "?"]
[Date "2024.03.16"]
[Round "9.2"]
[White "Weishaeutel, Moritz"]
[Black "Haba, Petr"]
[Result "1/2-1/2"]
[WhiteElo "2378"]
[BlackElo "2436"]
[PlyCount "23"]
[EventDate "2024.??.??"]

1. e4 c6 2. d4 d5 3. exd5 cxd5 4. c4 Nf6 5. Nc3 e6 6. Nf3 Bb4 7. cxd5 exd5 8. Bd3 O-O 9. O-O Bg4 10. Bg5 Bxc3 11. bxc3 Nbd7 12. c4 1/2-1/2

[Event "2BLO 2324 Erfurter SK - SC Garching"]
[Site "?"]
[Date "2024.03.16"]
[Round "9.3"]
[White "Hess, Max"]
[Black "Votava, Jan"]
[Result "1-0"]
[WhiteElo "2392"]
[BlackElo "2441"]
[PlyCount "73"]
[EventDate "2024.??.??"]

1. c4 c6 2. Nf3 d5 3. e3 Nf6 4. Nc3 g6 5. d4 Bg7 6. Be2 O-O 7. O-O a6 8. Bd2 b5 9. cxb5 cxb5 10. Ne5 Bb7 11. b4 Ne4 12. a4 Bxe5 13. dxe5 Nxd2 14. Qxd2 Nc6 15. axb5 axb5 16. Qxd5 Qxd5 17. Nxd5 Nxe5 18. Nxe7+ Kg7 19. Rac1 Nc4 20. Rfd1 Rfd8 21. Bf3 Bxf3 22. gxf3 Rxd1+ 23. Rxd1 Ra2 24. Rd5 Na3 25. Rd7 Nc4 26. f4 Kf6 27. Nc6 Ke6 28. Rb7 Nd6 29. Nd4+ Kf6 30. Rb6 Ke7 31. Nxb5 Ne4 32. Rb7+ Kf6 33. f3 Nd2 34. Nd4 Nc4 35. e4 g5 36. e5+ Kg7 37. e6 1-0

[Event "2BLO 2324 Erfurter SK - SC Garching"]
[Site "?"]
[Date "2024.03.16"]
[Round "9.4"]
[White "Enders, Peter"]
[Black "Koepke, Christian"]
[Result "1/2-1/2"]
[WhiteElo "2383"]
[BlackElo "2305"]
[PlyCount "44"]
[EventDate "2024.??.??"]

1. e4 c6 2. Nc3 d5 3. Nf3 dxe4 4. Nxe4 Nf6 5. Nxf6+ exf6 6. Be2 Bd6 7. O-O O-O 8. b3 Re8 9. Bb2 Nd7 10. Re1 Nf8 11. Nh4 Re4 12. Nf3 Ng6 13. Bf1 Rxe1 14. Nxe1 Bc7 15. g3 Bf5 16. d3 Qd7 17. Bg2 Rd8 18. Qd2 h5 19. Nf3 Bh3 20. Bh1 Re8 21. Re1 Rxe1+ 22. Qxe1 Bb6 1/2-1/2

[Event "2BLO 2324 Erfurter SK - SC Garching"]
[Site "?"]
[Date "2024.03.16"]
[Round "9.5"]
[White "Rusche, Johannes"]
[Black "Scheftlein, Richard"]
[Result "1/2-1/2"]
[WhiteElo "2318"]
[BlackElo "2329"]
[PlyCount "27"]
[EventDate "2024.??.??"]

1. e4 c6 2. d4 d5 3. e5 Bf5 4. Nf3 e6 5. Be2 Ne7 6. O-O Bg6 7. Nbd2 c5 8. c4 cxd4 9. Nxd4 Nec6 10. N2f3 dxc4 11. Bxc4 Be7 12. Qa4 O-O 13. Be3 Qa5 14. Qb3 1/2-1/2

[Event "2BLO 2324 Erfurter SK - SC Garching"]
[Site "?"]
[Date "2024.03.16"]
[Round "9.6"]
[White "Casper, Thomas"]
[Black "Werner, Denis"]
[Result "1-0"]
[WhiteElo "2351"]
[BlackElo "2320"]
[PlyCount "79"]
[EventDate "2024.??.??"]

1. e4 c5 2. Nf3 Nc6 3. Bb5 g6 4. O-O Bg7 5. Re1 e5 6. c3 Nge7 7. a3 O-O 8. d3 d6 9. Nbd2 h6 10. Bc4 Kh7 11. b4 b6 12. Ba2 f5 13. h3 Ba6 14. exf5 Nxf5 15. Qa4 Bb7 16. Bb2 Qc7 17. Rad1 Rad8 18. bxc5 bxc5 19. Ne4 Ba8 20. Rb1 Nfe7 21. Nfg5+ Kh8 22. Ne6 Qd7 23. Nxd8 Rxd8 24. Bc1 Qf5 25. Qc2 g5 26. Qe2 Bf8 27. Qg4 Kg7 28. Qxf5 Nxf5 29. Bd5 Nfe7 30. Be6 Nc8 31. Be3 d5 32. Nxc5 d4 33. Nb7 Bxb7 34. Rxb7+ Kf6 35. Bxc8 Rxc8 36. cxd4 exd4 37. Bc1 Ne5 38. Bb2 Bc5 39. Rc1 Nxd3 40. Bxd4+ 1-0

[Event "2BLO 2324 Erfurter SK - SC Garching"]
[Site "?"]
[Date "2024.03.16"]
[Round "9.7"]
[White "Koepke, Elena"]
[Black "Troyke, Christian"]
[Result "1-0"]
[WhiteElo "2236"]
[BlackElo "2309"]
[PlyCount "191"]
[EventDate "2024.??.??"]

1. e4 c5 2. c3 g6 3. d4 cxd4 4. cxd4 d5 5. e5 Bg7 6. Nc3 Nh6 7. h3 O-O 8. g4 f6 9. f4 Nc6 10. Bg2 fxe5 11. fxe5 e6 12. Nf3 Bd7 13. O-O Rc8 14. Bg5 Qa5 15. Qd2 Nf7 16. Be3 b5 17. Rfc1 a6 18. b3 Qa3 19. Ne2 Rfe8 20. h4 Bf8 21. Ng3 Qa5 22. Qd1 Ba3 23. Rc2 Qb6 24. Re2 Ne7 25. Ne1 a5 26. Rb1 Nc6 27. h5 Bf8 28. Nf3 Qd8 29. Rf2 Bg7 30. a3 b4 31. a4 Ne7 32. Bf1 Rf8 33. Bd3 Nh6 34. Bxh6 Bxh6 35. g5 Bg7 36. h6 Bh8 37. Rc1 Qb6 38. Rxc8 Bxc8 39. Bb5 Nf5 40. Nxf5 Rxf5 41. Kg2 Qd8 42. Qc1 Bb7 43. Bd3 Rf7 44. Rc2 Qf8 45. Be2 Qd8 46. Rc5 Re7 47. Kg3 Rf7 48. Bd3 Qf8 49. Be2 Qd8 50. Rc2 Re7 51. Bd3 Rf7 52. Bb5 Qf8 53. Qe3 Qd8 54. Bd3 Qf8 55. Nh2 Qd8 56. Ng4 Qb8 57. Kh4 Rc7 58. Rf2 Qe8 59. Bb5 Qd8 60. Qf4 Bc8 61. Rf1 Bb7 62. Ne3 Qe7 63. Nd1 Rc2 64. Ne3 Rc7 65. Ng4 Qd8 66. Nf6+ Bxf6 67. exf6 Kf7 68. Rc1 Rc3 69. Rxc3 bxc3 70. Bd3 Bc6 71. Kg3 Bb7 72. Kf3 Qd7 73. Kf2 Qd8 74. Ke2 Bc6 75. Qe5 Be8 76. Bc2 Qb6 77. Kd3 Bd7 78. Kxc3 Qb4+ 79. Kb2 Qb6 80. Ka2 Qc6 81. Qe2 Qc3 82. Qd3 Qb4 83. Qe3 Be8 84. Kb2 Bxa4 85. Qc3 Qxc3+ 86. Kxc3 Be8 87. Bd1 Bb5 88. Bg4 Bf1 89. b4 a4 90. Kb2 Bb5 91. Ka3 Be8 92. Bf3 Bc6 93. Be2 Be8 94. b5 e5 95. dxe5 Ke6 96. b6 1-0